Úbytok cestou transformácií a pôžičiek

Proces oddlžovania v rezorte zdravotníctva - výber z informácií, ktoré predložil minister zdravotníctva na schôdzi vlády v apríli 2005. Informácie o vývoji dlhu v rezorte zdravotníctva za roky 2003-2004. Pokles dlhu v r. 2004. Dlhy zdravotníckych zariadení - riešenie situácie. Zníženie dlhu cez pôži...

Ausführliche Beschreibung

Gespeichert in:
Bibliographische Detailangaben
Format: Buchkapitel
Sprache:Slowakisch
Schlagworte:
Tags: Tag hinzufügen
Keine Tags, Fügen Sie das erste Tag hinzu!

MARC

LEADER 00000naa$a2200000$$$4500
001 0030075
005 20231016084030.3
041 0 |a slo 
044 |a SK 
245 1 0 |a Úbytok cestou transformácií a pôžičiek 
520 |a Proces oddlžovania v rezorte zdravotníctva - výber z informácií, ktoré predložil minister zdravotníctva na schôdzi vlády v apríli 2005. Informácie o vývoji dlhu v rezorte zdravotníctva za roky 2003-2004. Pokles dlhu v r. 2004. Dlhy zdravotníckych zariadení - riešenie situácie. Zníženie dlhu cez pôžičku zdravotným poisťovniam. 
610 2 0 |a zdravotníctvo 
610 2 0 |a dlhy 
610 2 0 |a oddlženie 
610 2 0 |a zariadenia zdravotnícke 
610 2 0 |a transformácia 
610 2 0 |a pôžičky 
610 2 0 |a poisťovne zdravotné